[Event "25th 4NCL Congress"]
[Site "Leamington Spa, United Kingdom"]
[Date "2021.07.11"]
[Round "4.7"]
[White "Merriman, John"]
[Black "Willmoth, Robert F"]
[Result "1/2-1/2"]
[TimeControl "All moves in 90 minutes + 30 seconds per move"]
[WhiteElo "2246"]
[BlackElo "2103"]

1. d4 {[%clk 01:30:55]} {[%emt 00:00:05]} d6 {[%clk 01:30:54]} {[%emt
00:00:07]} 2. c4 {[%clk 01:31:05]} {[%emt 00:00:20]} e5 {[%clk 01:31:18]}
{[%emt 00:00:06]} 3. d5 {[%clk 01:31:07]} {[%emt 00:00:29]} f5 {[%clk
01:31:42]} {[%emt 00:00:06]} 4. e4 {[%clk 01:31:25]} {[%emt 00:00:11]} fxe4
{[%clk 01:32:07]} {[%emt 00:00:06]} 5. Nc3 {[%clk 01:31:41]} {[%emt 00:00:14]}
Nf6 {[%clk 01:32:34]} {[%emt 00:00:03]} 6. Nge2 {[%clk 01:31:49]} {[%emt
00:00:21]} Bf5 {[%clk 01:33:01]} {[%emt 00:00:03]} 7. Ng3 {[%clk 01:31:04]}
{[%emt 00:01:15]} Bg6 {[%clk 01:33:24]} {[%emt 00:00:07]} 8. Be2 {[%clk
01:30:43]} {[%emt 00:00:50]} Be7 {[%clk 01:33:17]} {[%emt 00:00:38]} 9. h4
{[%clk 01:22:46]} {[%emt 00:08:27]} h6 {[%clk 01:33:20]} {[%emt 00:00:27]} 10.
Qc2 {[%clk 01:01:12]} {[%emt 00:22:05]} O-O {[%clk 01:32:45]} {[%emt 00:01:05]}
11. h5 {[%clk 00:45:33]} {[%emt 00:16:09]} Bh7 {[%clk 01:32:56]} {[%emt
00:00:18]} 12. Be3 {[%clk 00:39:55]} {[%emt 00:06:09]} Nbd7 {[%clk 01:31:29]}
{[%emt 00:01:57]} 13. Ngxe4 {[%clk 00:34:42]} {[%emt 00:05:42]} Nxe4 {[%clk
01:30:04]} {[%emt 00:01:55]} 14. Nxe4 {[%clk 00:34:14]} {[%emt 00:00:58]} Nf6
{[%clk 01:29:49]} {[%emt 00:00:45]} 15. Nxf6+ {[%clk 00:33:00]} {[%emt
00:01:45]} Bxf6 {[%clk 01:29:43]} {[%emt 00:00:36]} 16. Qd2 {[%clk 00:33:14]}
{[%emt 00:00:16]} Bh4 {[%clk 01:18:22]} {[%emt 00:11:51]} 17. Rc1 {[%clk
00:28:57]} {[%emt 00:04:47]} Qf6 {[%clk 01:08:24]} {[%emt 00:10:27]} 18. Bg4
{[%clk 00:26:24]} {[%emt 00:03:03]} b6 {[%clk 01:03:50]} {[%emt 00:05:04]} 19.
O-O {[%clk 00:18:46]} {[%emt 00:08:10]} Bf5 {[%clk 01:02:11]} {[%emt 00:02:08]}
20. Be2 {[%clk 00:17:50]} {[%emt 00:01:27]} Bg5 {[%clk 00:59:35]} {[%emt
00:03:06]} 21. Rc3 {[%clk 00:12:58]} {[%emt 00:05:22]} Bxe3 {[%clk 00:57:49]}
{[%emt 00:02:16]} 22. Qxe3 {[%clk 00:13:15]} {[%emt 00:00:13]} a5 {[%clk
00:52:33]} {[%emt 00:05:46]} 23. Qg3 {[%clk 00:12:00]} {[%emt 00:01:45]} Rae8
{[%clk 00:49:34]} {[%emt 00:03:28]} 24. Re1 {[%clk 00:11:20]} {[%emt 00:01:10]}
Re7 {[%clk 00:43:17]} {[%emt 00:06:46]} 25. Rf3 {[%clk 00:07:03]} {[%emt
00:04:49]} Ref7 {[%clk 00:40:42]} {[%emt 00:03:04]} 26. a3 {[%clk 00:04:26]}
{[%emt 00:03:08]} Qe7 {[%clk 00:36:41]} {[%emt 00:04:30]} 27. Bd1 {[%clk
00:04:11]} {[%emt 00:00:45]} Bh7 {[%clk 00:36:04]} {[%emt 00:01:06]} 28. Rxf7
{[%clk 00:03:47]} {[%emt 00:00:55]} Qxf7 {[%clk 00:35:55]} {[%emt 00:00:39]} 29.
Qe3 {[%clk 00:03:27]} {[%emt 00:00:50]} Qf4 {[%clk 00:35:14]} {[%emt 00:01:10]}
30. Be2 {[%clk 00:03:35]} {[%emt 00:00:22]} Qxe3 {[%clk 00:33:08]} {[%emt
00:02:37]} 31. fxe3 {[%clk 00:04:00]} {[%emt 00:00:04]} Be4 {[%clk 00:33:29]}
{[%emt 00:00:08]} 32. Kh2 {[%clk 00:03:41]} {[%emt 00:00:49]} Rf2 {[%clk
00:31:27]} {[%emt 00:02:32]} 33. b4 {[%clk 00:03:56]} {[%emt 00:00:16]} axb4
{[%clk 00:29:52]} {[%emt 00:02:06]} 34. axb4 {[%clk 00:04:22]} {[%emt
00:00:04]} Rxg2+ {[%clk 00:26:12]} {[%emt 00:04:10]} 35. Kh3 {[%clk 00:04:47]}
{[%emt 00:00:04]} Rf2 {[%clk 00:26:36]} {[%emt 00:00:05]} 36. Kg3 {[%clk
00:05:08]} {[%emt 00:00:10]} Rf8 {[%clk 00:25:06]} {[%emt 00:02:00]} 37. Ra1
{[%clk 00:05:17]} {[%emt 00:00:22]} g6 {[%clk 00:13:31]} {[%emt 00:12:04]} 38.
Ra7 {[%clk 00:02:53]} {[%emt 00:02:55]} Rf7 {[%clk 00:13:38]} {[%emt 00:00:23]}
39. hxg6 {[%clk 00:01:45]} {[%emt 00:01:38]} Bxg6 {[%clk 00:13:58]} {[%emt
00:00:09]} 40. Bg4 {[%clk 00:02:08]} {[%emt 00:00:07]} Kg7 {[%clk 00:13:28]}
{[%emt 00:01:00]} 41. Be6 {[%clk 00:02:11]} {[%emt 00:00:27]} Re7 {[%clk
00:13:46]} {[%emt 00:00:12]} 42. c5 {[%clk 00:01:30]} {[%emt 00:01:11]} Kf6
{[%clk 00:10:39]} {[%emt 00:03:36]} 43. cxb6 {[%clk 00:00:36]} {[%emt
00:01:25]} cxb6 {[%clk 00:11:06]} {[%emt 00:00:02]} 44. Ra8 {[%clk 00:00:55]}
{[%emt 00:00:11]} Rg7 {[%clk 00:04:36]} {[%emt 00:07:00]} 45. Kf3 {[%clk
00:01:07]} {[%emt 00:00:19]} Bf7 {[%clk 00:01:25]} {[%emt 00:03:41]} 46. Rd8
{[%clk 00:00:36]} {[%emt 00:01:02]} Bh5+ {[%clk 00:00:52]} {[%emt 00:01:03]} 47.
Kf2 {[%clk 00:00:33]} {[%emt 00:00:33]} e4 {[%clk 00:00:46]} {[%emt 00:00:36]}
48. Rxd6 {[%clk 00:00:58]} {[%emt 00:00:05]} Ke5 {[%clk 00:01:13]} {[%emt
00:00:03]} 49. Rxb6 {[%clk 00:01:19]} {[%emt 00:00:09]} Bf3 {[%clk 00:01:15]}
{[%emt 00:00:27]} 50. Rb8 {[%clk 00:00:40]} 1/2-1/2

[Event "25th 4NCL Congress"]
[Site "Leamington Spa, United Kingdom"]
[Date "2021.07.11"]
[Round "4.8"]
[White "Verma, Aditya"]
[Black "Sedykh, Mikhail"]
[Result "1-0"]
[TimeControl "All moves in 90 minutes + 30 seconds per move"]
[WhiteElo "2169"]
[BlackElo "2119"]

1. e4 {[%clk 01:30:58]} c5 {[%clk 01:30:49]} {[%emt 00:00:12]} 2. Nf3 {[%clk
01:31:25]} {[%emt 00:00:03]} d6 {[%clk 01:31:10]} {[%emt 00:00:09]} 3. d4
{[%clk 01:31:51]} {[%emt 00:00:04]} cxd4 {[%clk 01:31:36]} {[%emt 00:00:04]} 4.
Nxd4 {[%clk 01:32:16]} {[%emt 00:00:06]} Nf6 {[%clk 01:32:03]} {[%emt
00:00:03]} 5. Nc3 {[%clk 01:32:39]} {[%emt 00:00:06]} a6 {[%clk 01:32:25]}
{[%emt 00:00:08]} 6. h3 {[%clk 01:33:04]} {[%emt 00:00:04]} e5 {[%clk
01:32:36]} {[%emt 00:00:19]} 7. Nde2 {[%clk 01:33:27]} {[%emt 00:00:07]} h5
{[%clk 01:32:36]} {[%emt 00:00:31]} 8. Bg5 {[%clk 01:33:38]} {[%emt 00:00:17]}
Be6 {[%clk 01:32:33]} {[%emt 00:00:34]} 9. Ng3 {[%clk 01:25:16]} {[%emt
00:08:52]} g6 {[%clk 01:19:26]} {[%emt 00:13:38]} 10. Qd2 {[%clk 01:14:10]}
{[%emt 00:11:35]} Nbd7 {[%clk 01:17:22]} {[%emt 00:02:33]} 11. Nd5 {[%clk
00:58:09]} {[%emt 00:16:32]} Bxd5 {[%clk 01:06:54]} {[%emt 00:10:58]} 12. exd5
{[%clk 00:57:07]} {[%emt 00:01:32]} h4 {[%clk 01:02:15]} {[%emt 00:05:08]} 13.
Ne2 {[%clk 00:55:09]} {[%emt 00:02:27]} Qc7 {[%clk 00:59:00]} {[%emt 00:03:46]}
14. Nc3 {[%clk 00:53:21]} {[%emt 00:02:17]} b5 {[%clk 00:58:35]} {[%emt
00:00:56]} 15. a3 {[%clk 00:52:02]} {[%emt 00:01:50]} Be7 {[%clk 00:55:55]}
{[%emt 00:03:09]} 16. Be2 {[%clk 00:44:56]} {[%emt 00:07:36]} Nc5 {[%clk
00:42:19]} {[%emt 00:14:07]} 17. Qe3 {[%clk 00:39:05]} {[%emt 00:06:20]} Nh5
{[%clk 00:33:55]} {[%emt 00:08:54]} 18. Bxe7 {[%clk 00:30:23]} {[%emt
00:09:11]} Qxe7 {[%clk 00:31:57]} {[%emt 00:02:29]} 19. Bxh5 {[%clk 00:30:05]}
{[%emt 00:00:49]} Rxh5 {[%clk 00:32:21]} {[%emt 00:00:06]} 20. O-O {[%clk
00:29:37]} {[%emt 00:00:57]} f5 {[%clk 00:25:20]} {[%emt 00:07:31]} 21. b4
{[%clk 00:28:16]} {[%emt 00:01:50]} Nd7 {[%clk 00:24:58]} {[%emt 00:00:52]} 22.
a4 {[%clk 00:27:16]} {[%emt 00:01:31]} bxa4 {[%clk 00:18:41]} {[%emt 00:06:47]}
23. Rxa4 {[%clk 00:27:24]} {[%emt 00:00:21]} Rb8 {[%clk 00:17:35]} {[%emt
00:01:37]} 24. Rb1 {[%clk 00:21:17]} {[%emt 00:06:37]} Rb6 {[%clk 00:08:37]}
{[%emt 00:09:28]} 25. Ra5 {[%clk 00:19:20]} {[%emt 00:02:27]} Rh8 {[%clk
00:06:55]} {[%emt 00:02:12]} 26. Na4 {[%clk 00:15:11]} {[%emt 00:04:40]} Rb5
{[%clk 00:07:20]} {[%emt 00:00:06]} 27. Rxa6 {[%clk 00:15:11]} {[%emt
00:00:30]} Kf7 {[%clk 00:06:31]} {[%emt 00:01:18]} 28. c4 {[%clk 00:14:48]}
{[%emt 00:00:53]} Rbb8 {[%clk 00:04:21]} {[%emt 00:02:40]} 29. b5 {[%clk
00:13:34]} {[%emt 00:01:44]} f4 {[%clk 00:03:05]} {[%emt 00:01:46]} 30. Qa3
{[%clk 00:12:58]} {[%emt 00:01:06]} Rhc8 {[%clk 00:01:25]} {[%emt 00:02:11]} 31.
Rc6 {[%clk 00:04:25]} {[%emt 00:09:03]} e4 {[%clk 00:01:08]} {[%emt 00:00:46]}
32. Qxd6 {[%clk 00:03:55]} {[%emt 00:01:00]} Qxd6 {[%clk 00:00:39]} {[%emt
00:00:59]} 33. Rxd6 {[%clk 00:04:22]} {[%emt 00:00:03]} Ne5 {[%clk 00:00:40]}
{[%emt 00:00:29]} 34. c5 {[%clk 00:03:42]} {[%emt 00:01:09]} Nc4 {[%clk
00:00:43]} {[%emt 00:00:27]} 35. Rc6 {[%clk 00:03:24]} {[%emt 00:00:48]} Rd8
{[%clk 00:00:44]} {[%emt 00:00:29]} 36. Nc3 {[%clk 00:03:32]} {[%emt 00:00:21]}
e3 {[%clk 00:00:40]} {[%emt 00:00:35]} 37. fxe3 {[%clk 00:03:41]} {[%emt
00:00:21]} fxe3 {[%clk 00:00:44]} {[%emt 00:00:27]} 38. b6 {[%clk 00:03:27]}
{[%emt 00:00:44]} Nd2 {[%clk 00:00:35]} {[%emt 00:00:39]} 39. Re1 {[%clk
00:03:06]} {[%emt 00:00:50]} Re8 {[%clk 00:00:58]} {[%emt 00:00:07]} 40. d6
{[%clk 00:02:54]} {[%emt 00:00:43]} Re5 {[%clk 00:00:59]} {[%emt 00:00:29]} 41.
Rc7+ {[%clk 00:02:34]} {[%emt 00:00:49]} Ke6 {[%clk 00:00:34]} {[%emt
00:00:55]} 42. Re7+ {[%clk 00:02:03]} {[%emt 00:01:01]} Kf6 {[%clk 00:00:50]}
{[%emt 00:00:14]} 43. Rc7 {[%clk 00:01:13]} {[%emt 00:01:20]} Nb3 {[%clk
00:00:52]} {[%emt 00:00:27]} 44. Rxe3 {[%clk 00:00:49]} {[%emt 00:00:54]} Nxc5
{[%clk 00:00:33]} {[%emt 00:00:49]} 45. Rxe5 {[%clk 00:01:03]} {[%emt
00:00:16]} Kxe5 {[%clk 00:01:00]} {[%emt 00:00:02]} 46. Rxc5+ {[%clk 00:01:26]}
{[%emt 00:00:08]} Kxd6 {[%clk 00:01:11]} {[%emt 00:00:20]} 47. Rb5 {[%clk
00:01:44]} {[%emt 00:00:10]} Kc6 {[%clk 00:01:27]} {[%emt 00:00:15]} 48. Rb1
{[%clk 00:01:43]} {[%emt 00:00:30]} Kb7 {[%clk 00:01:25]} {[%emt 00:00:33]} 49.
Ne4 {[%clk 00:01:54]} {[%emt 00:00:18]} Kc6 {[%clk 00:00:57]} {[%emt 00:01:00]}
50. b7 {[%clk 00:02:10]} {[%emt 00:00:13]} 1-0

[Event "25th 4NCL Congress"]
[Site "Leamington Spa, United Kingdom"]
[Date "2021.07.11"]
[Round "4.9"]
[White "Villiers, Thomas"]
[Black "Menzies, Colin W"]
[Result "1-0"]
[TimeControl "All moves in 90 minutes + 30 seconds per move"]
[WhiteElo "2161"]
[BlackElo "2185"]

1. d4 {[%clk 01:30:45]} {[%emt 00:00:14]} g6 {[%clk 01:31:23]} {[%emt
00:00:08]} 2. Nf3 {[%clk 01:31:14]} {[%emt 00:00:31]} Bg7 {[%clk 01:31:40]}
{[%emt 00:00:13]} 3. c4 {[%clk 01:30:55]} {[%emt 00:00:49]} d6 {[%clk
01:31:47]} {[%emt 00:00:23]} 4. Nc3 {[%clk 01:30:57]} {[%emt 00:00:28]} Nc6
{[%clk 01:31:40]} {[%emt 00:00:37]} 5. e4 {[%clk 01:22:43]} {[%emt 00:08:43]}
e5 {[%clk 01:30:27]} {[%emt 00:01:43]} 6. Bg5 {[%clk 01:16:27]} {[%emt
00:06:45]} f6 {[%clk 01:30:47]} {[%emt 00:00:11]} 7. Be3 {[%clk 01:16:43]}
{[%emt 00:00:14]} Bg4 {[%clk 01:31:13]} {[%emt 00:00:04]} 8. d5 {[%clk
01:16:00]} {[%emt 00:01:14]} Nd4 {[%clk 01:31:38]} {[%emt 00:00:05]} 9. Bxd4
{[%clk 01:16:18]} {[%emt 00:00:12]} exd4 {[%clk 01:31:58]} {[%emt 00:00:09]} 10.
Qxd4 {[%clk 01:16:41]} {[%emt 00:00:06]} Nh6 {[%clk 01:31:21]} {[%emt
00:01:07]} 11. Be2 {[%clk 01:16:00]} {[%emt 00:01:11]} O-O {[%clk 01:24:49]}
{[%emt 00:05:23]} 12. Qd2 {[%clk 01:16:00]} {[%emt 00:02:09]} f5 {[%clk
01:19:43]} {[%emt 00:05:36]} 13. Nd4 {[%clk 01:13:36]} {[%emt 00:02:54]} Bxd4
{[%clk 01:18:18]} {[%emt 00:01:55]} 14. Qxd4 {[%clk 01:13:56]} {[%emt
00:00:10]} fxe4 {[%clk 01:15:17]} {[%emt 00:03:31]} 15. Bxg4 {[%clk 01:12:28]}
{[%emt 00:01:59]} Nxg4 {[%clk 01:15:25]} {[%emt 00:00:22]} 16. Nxe4 {[%clk
01:12:53]} {[%emt 00:00:05]} Nxf2 {[%clk 00:55:18]} {[%emt 00:20:37]} 17. Nxf2
{[%clk 01:12:18]} {[%emt 00:01:05]} c5 {[%clk 00:55:44]} {[%emt 00:00:04]} 18.
Qd2 {[%clk 01:08:13]} {[%emt 00:04:35]} Re8+ {[%clk 00:53:40]} {[%emt
00:02:35]} 19. Kd1 {[%clk 01:08:08]} {[%emt 00:00:35]} Qh4 {[%clk 00:52:56]}
{[%emt 00:01:14]} 20. Rc1 {[%clk 01:08:18]} {[%emt 00:00:21]} Re5 {[%clk
00:45:37]} {[%emt 00:07:49]} 21. g3 {[%clk 01:05:15]} {[%emt 00:03:33]} Qh5+
{[%clk 00:45:20]} {[%emt 00:00:46]} 22. g4 {[%clk 01:05:44]} {[%emt 00:00:01]}
Qh4 {[%clk 00:45:38]} {[%emt 00:00:12]} 23. Kc2 {[%clk 01:06:00]} {[%emt
00:00:13]} Rf8 {[%clk 00:43:17]} {[%emt 00:02:51]} 24. Rcf1 {[%clk 01:02:07]}
{[%emt 00:04:23]} 1-0

[Event "25th 4NCL Congress"]
[Site "Leamington Spa, United Kingdom"]
[Date "2021.07.11"]
[Round "4.10"]
[White "Chan, Sheng Liang Bernard"]
[Black "Makkar, Rajat"]
[Result "0-1"]
[TimeControl "All moves in 90 minutes + 30 seconds per move"]
[WhiteElo "1852"]
[BlackElo "2230"]

1. e4 {[%clk 01:30:56]} {[%emt 00:00:02]} e5 {[%clk 01:30:02]} {[%emt
00:00:59]} 2. Nf3 {[%clk 01:31:20]} {[%emt 00:00:06]} Nc6 {[%clk 01:30:14]}
{[%emt 00:00:18]} 3. Bb5 {[%clk 01:31:43]} {[%emt 00:00:07]} a6 {[%clk
01:30:40]} {[%emt 00:00:05]} 4. Ba4 {[%clk 01:32:09]} {[%emt 00:00:04]} Nf6
{[%clk 01:30:57]} {[%emt 00:00:13]} 5. O-O {[%clk 01:32:21]} {[%emt 00:00:18]}
b5 {[%clk 01:31:03]} {[%emt 00:00:24]} 6. Bb3 {[%clk 01:32:44]} {[%emt
00:00:07]} Bc5 {[%clk 01:31:26]} {[%emt 00:00:07]} 7. c3 {[%clk 01:32:58]}
{[%emt 00:00:16]} d6 {[%clk 01:31:40]} {[%emt 00:00:16]} 8. a4 {[%clk
01:33:18]} {[%emt 00:00:11]} Rb8 {[%clk 01:31:56]} {[%emt 00:00:14]} 9. d4
{[%clk 01:33:37]} {[%emt 00:00:10]} Bb6 {[%clk 01:31:48]} {[%emt 00:00:39]} 10.
Na3 {[%clk 01:33:46]} {[%emt 00:00:21]} O-O {[%clk 01:31:09]} {[%emt 00:01:08]}
11. axb5 {[%clk 01:34:08]} {[%emt 00:00:08]} axb5 {[%clk 01:31:15]} {[%emt
00:00:24]} 12. Nxb5 {[%clk 01:34:28]} {[%emt 00:00:10]} Bg4 {[%clk 01:28:39]}
{[%emt 00:03:06]} 13. Bc2 {[%clk 01:34:53]} {[%emt 00:00:05]} Bxf3 {[%clk
01:27:56]} {[%emt 00:01:13]} 14. gxf3 {[%clk 01:34:38]} {[%emt 00:00:45]} Nh5
{[%clk 01:28:04]} {[%emt 00:00:22]} 15. dxe5 {[%clk 01:34:44]} {[%emt
00:00:24]} Qh4 {[%clk 01:24:58]} {[%emt 00:03:36]} 16. exd6 {[%clk 01:35:08]}
{[%emt 00:00:07]} Ne5 {[%clk 01:13:14]} {[%emt 00:12:14]} 17. Kg2 {[%clk
01:35:33]} {[%emt 00:00:06]} Ng6 {[%clk 01:06:35]} {[%emt 00:07:09]} 18. dxc7
{[%clk 01:34:13]} {[%emt 00:01:50]} Ngf4+ {[%clk 01:01:11]} {[%emt 00:05:54]}
19. Kh1 {[%clk 01:34:32]} {[%emt 00:00:11]} Bxf2 {[%clk 00:45:31]} {[%emt
00:16:10]} 20. Bxf4 {[%clk 01:34:28]} {[%emt 00:00:33]} Rxb5 {[%clk 00:45:11]}
{[%emt 00:00:51]} 21. Qe2 {[%clk 01:27:20]} {[%emt 00:07:38]} Bg3 {[%clk
00:42:52]} {[%emt 00:02:49]} 22. Bc1 {[%clk 01:23:40]} {[%emt 00:04:09]} Bxc7
{[%clk 00:42:36]} {[%emt 00:00:45]} 23. Rg1 {[%clk 01:21:06]} {[%emt 00:03:05]}
Ng3+ {[%clk 00:40:35]} {[%emt 00:02:31]} 24. Rxg3 {[%clk 01:21:28]} {[%emt
00:00:08]} Bxg3 {[%clk 00:40:53]} {[%emt 00:00:12]} 25. Be3 {[%clk 01:14:17]}
{[%emt 00:07:41]} Rxb2 {[%clk 00:37:55]} {[%emt 00:03:28]} 26. Rg1 {[%clk
01:05:44]} {[%emt 00:09:04]} Be5 {[%clk 00:33:42]} {[%emt 00:04:41]} 27. Bg5
{[%clk 00:58:45]} {[%emt 00:07:31]} Qxh2+ {[%clk 00:29:15]} {[%emt 00:04:57]}
28. Qxh2 {[%clk 00:59:02]} {[%emt 00:00:13]} Bxh2 {[%clk 00:29:40]} {[%emt
00:00:04]} 29. Rc1 {[%clk 00:51:03]} {[%emt 00:08:30]} Rc8 {[%clk 00:24:41]}
{[%emt 00:05:28]} 30. Bd3 {[%clk 00:48:17]} {[%emt 00:03:17]} h6 {[%clk
00:23:04]} {[%emt 00:02:07]} 31. Be3 {[%clk 00:46:55]} {[%emt 00:01:53]} Be5
{[%clk 00:23:06]} {[%emt 00:00:28]} 32. c4 {[%clk 00:43:50]} {[%emt 00:03:35]}
Rb3 {[%clk 00:22:45]} {[%emt 00:00:50]} 33. f4 {[%clk 00:43:23]} {[%emt
00:00:58]} Rxd3 {[%clk 00:22:51]} {[%emt 00:00:23]} 0-1

[Event "25th 4NCL Congress"]
[Site "Leamington Spa, United Kingdom"]
[Date "2021.07.11"]
[Round "4.11"]
[White "Burrows, Nick"]
[Black "Starley, Robert"]
[Result "1-0"]
[TimeControl "All moves in 90 minutes + 30 seconds per move"]
[WhiteElo "1947"]
[BlackElo "2084"]

1. Nf3 {[%clk 01:30:31]} {[%emt 00:00:28]} Nf6 {[%clk 01:30:55]} {[%emt
00:00:05]} 2. g3 {[%clk 01:30:44]} {[%emt 00:00:17]} d5 {[%clk 01:31:13]}
{[%emt 00:00:12]} 3. Bg2 {[%clk 01:30:57]} {[%emt 00:00:17]} Nbd7 {[%clk
01:30:48]} {[%emt 00:00:56]} 4. c4 {[%clk 01:28:01]} {[%emt 00:03:26]} dxc4
{[%clk 01:30:37]} {[%emt 00:00:42]} 5. Qa4 {[%clk 01:27:11]} {[%emt 00:01:19]}
e5 {[%clk 01:30:23]} {[%emt 00:00:43]} 6. Nxe5 {[%clk 01:23:28]} {[%emt
00:04:13]} c6 {[%clk 01:28:45]} {[%emt 00:02:08]} 7. Nxd7 {[%clk 01:22:05]}
{[%emt 00:01:53]} Bxd7 {[%clk 01:28:51]} {[%emt 00:00:24]} 8. Qxc4 {[%clk
01:22:14]} {[%emt 00:00:20]} Bd6 {[%clk 01:28:58]} {[%emt 00:00:23]} 9. d4
{[%clk 01:19:35]} {[%emt 00:03:09]} h5 {[%clk 01:27:02]} {[%emt 00:02:26]} 10.
Bg5 {[%clk 01:13:52]} {[%emt 00:06:13]} Qa5+ {[%clk 01:26:24]} {[%emt
00:01:08]} 11. Bd2 {[%clk 01:14:20]} {[%emt 00:00:03]} Qc7 {[%clk 01:25:32]}
{[%emt 00:01:22]} 12. e4 {[%clk 01:11:46]} {[%emt 00:03:03]} Ng4 {[%clk
01:24:35]} {[%emt 00:01:27]} 13. Nc3 {[%clk 01:07:16]} {[%emt 00:05:00]} h4
{[%clk 01:21:48]} {[%emt 00:03:18]} 14. e5 {[%clk 01:04:49]} {[%emt 00:02:57]}
hxg3 {[%clk 01:19:01]} {[%emt 00:03:17]} 15. hxg3 {[%clk 01:02:58]} {[%emt
00:02:20]} Rxh1+ {[%clk 01:18:15]} {[%emt 00:01:17]} 16. Bxh1 {[%clk 01:03:25]}
{[%emt 00:00:02]} Bf8 {[%clk 01:18:19]} {[%emt 00:00:26]} 17. Nd5 {[%clk
00:56:38]} {[%emt 00:07:17]} Qd8 {[%clk 01:17:20]} {[%emt 00:01:29]} 18. Ne3
{[%clk 00:55:30]} {[%emt 00:01:38]} Be6 {[%clk 01:16:09]} {[%emt 00:01:41]} 19.
Qc3 {[%clk 00:48:30]} {[%emt 00:07:30]} Nxe3 {[%clk 01:14:35]} {[%emt
00:02:05]} 20. Bxe3 {[%clk 00:46:46]} {[%emt 00:02:13]} Bd5 {[%clk 01:13:46]}
{[%emt 00:01:19]} 21. O-O-O {[%clk 00:44:21]} {[%emt 00:02:55]} Bxh1 {[%clk
01:11:00]} {[%emt 00:03:16]} 22. Rxh1 {[%emt 00:00:10]} Qd5 {[%emt 00:00:20]}
23. Rh8 {[%clk 00:40:33]} {[%emt 00:03:48]} O-O-O {[%clk 01:07:46]} {[%emt
00:03:45]} 24. Qb3 {[%clk 00:37:12]} {[%emt 00:03:50]} Qxb3 {[%clk 01:04:19]}
{[%emt 00:03:57]} 25. axb3 {[%clk 00:37:40]} {[%emt 00:00:02]} Bb4 {[%clk
01:01:44]} {[%emt 00:03:05]} 26. Rxd8+ {[%clk 00:36:29]} {[%emt 00:01:41]} Kxd8
{[%clk 01:02:08]} {[%emt 00:00:06]} 27. Kc2 {[%clk 00:36:38]} {[%emt 00:00:21]}
Kd7 {[%clk 01:02:09]} {[%emt 00:00:29]} 28. Kd3 {[%clk 00:36:51]} {[%emt
00:00:17]} Ke6 {[%clk 01:01:32]} {[%emt 00:01:07]} 29. Ke4 {[%clk 00:36:59]}
{[%emt 00:00:21]} Be1 {[%clk 01:01:13]} {[%emt 00:00:50]} 30. g4 {[%clk
00:36:33]} {[%emt 00:00:56]} a6 {[%clk 00:55:04]} {[%emt 00:06:39]} 31. f4
{[%clk 00:36:44]} {[%emt 00:00:19]} g6 {[%clk 00:54:06]} {[%emt 00:01:29]} 32.
f5+ {[%clk 00:37:04]} {[%emt 00:00:10]} gxf5+ {[%clk 00:54:14]} {[%emt
00:00:22]} 33. gxf5+ {[%clk 00:37:32]} {[%emt 00:00:02]} Kd7 {[%clk 00:54:15]}
{[%emt 00:00:29]} 34. d5 {[%clk 00:37:07]} {[%emt 00:00:55]} cxd5+ {[%clk
00:54:08]} {[%emt 00:00:37]} 35. Kxd5 {[%clk 00:37:34]} {[%emt 00:00:02]} Bb4
{[%clk 00:49:01]} {[%emt 00:05:37]} 36. Bc5 {[%clk 00:30:09]} {[%emt 00:07:55]}
Bd2 {[%clk 00:47:10]} {[%emt 00:02:22]} 37. e6+ {[%clk 00:27:51]} {[%emt
00:02:49]} fxe6+ {[%clk 00:47:23]} {[%emt 00:00:17]} 38. fxe6+ {[%clk
00:28:19]} {[%emt 00:00:01]} Ke8 {[%clk 00:47:42]} {[%emt 00:00:10]} 39. b4
{[%clk 00:24:29]} {[%emt 00:04:21]} Be1 {[%clk 00:44:33]} {[%emt 00:03:40]} 40.
Kc4 {[%clk 00:24:01]} {[%emt 00:00:57]} Bg3 {[%clk 00:43:54]} {[%emt 00:01:08]}
41. b5 {[%clk 00:22:43]} {[%emt 00:01:49]} axb5+ {[%clk 00:44:03]} {[%emt
00:00:21]} 42. Kxb5 {[%clk 00:23:10]} {[%emt 00:00:03]} Bc7 {[%clk 00:44:09]}
{[%emt 00:00:24]} 43. b3 {[%clk 00:21:02]} {[%emt 00:02:38]} Bd8 {[%clk
00:39:52]} {[%emt 00:04:46]} 44. Bd6 {[%clk 00:20:34]} {[%emt 00:00:58]} b6
{[%clk 00:38:46]} {[%emt 00:01:37]} 45. Kc6 {[%clk 00:20:23]} {[%emt 00:00:40]}
Bg5 {[%clk 00:36:52]} {[%emt 00:02:23]} 46. Kxb6 {[%clk 00:20:40]} {[%emt
00:00:13]} Kd8 {[%clk 00:34:33]} {[%emt 00:02:49]} 47. Kc6 {[%clk 00:19:11]}
{[%emt 00:01:59]} Bd2 {[%clk 00:34:23]} {[%emt 00:00:41]} 48. b4 {[%clk
00:19:15]} {[%emt 00:00:25]} Be3 {[%clk 00:33:25]} {[%emt 00:01:29]} 49. b5
{[%clk 00:19:09]} {[%emt 00:00:35]} Bf2 {[%clk 00:33:30]} {[%emt 00:00:25]} 50.
b6 {[%clk 00:19:01]} {[%emt 00:00:38]} Be3 {[%clk 00:32:56]} {[%emt 00:01:04]}
51. b7 {[%clk 00:19:09]} {[%emt 00:00:22]} Ba7 {[%clk 00:33:18]} {[%emt
00:00:08]} 52. Kb5 {[%clk 00:18:31]} {[%emt 00:01:08]} Ke8 {[%clk 00:32:36]}
{[%emt 00:01:12]} 53. Ka6 {[%clk 00:18:40]} {[%emt 00:00:20]} Bb6 {[%clk
00:32:09]} {[%emt 00:00:57]} 54. b8=Q+ {[%clk 00:18:52]} {[%emt 00:00:17]} Bd8
{[%clk 00:32:36]} {[%emt 00:00:04]} 55. e7 {[%clk 00:19:02]} 1-0